[Event "Rhein Main op-B 17th"]
[Site "Bad Homburg"]
[Date "2014.06.18"]
[Round "1"]
[White "Neve, Peter"]
[Black "Hoelss, Silas"]
[Result "1-0"]
[WhiteElo "1722"]
[BlackElo "1068"]
[PlyCount "81"]
[EventDate "2014.06.18"]
[EventType "swiss"]
[EventRounds "9"]
[EventCountry "GER"]
[SourceTitle "CBM 161 Extra"]
[Source "ChessBase"]
[SourceDate "2014.08.29"]
[SourceVersion "1"]
[SourceVersionDate "2014.08.29"]
[SourceQuality "1"]

1. e4 e5 2. Nf3 Nc6 3. d4 exd4 4. Bc4 Nf6 5. e5 Ng4 6. 0-0 Ngxe5 7. Nxe5 Nxe5 8. Re1 d6 9. f4 Bg4 10. Qxg4 Be7 11. fxe5 0-0 12. Bh6 Bf6 13. exf6 Qxf6 14. Bg5 Qg6 15. Qf4 Qxc2 16. Qxd4 c5 17. Qc3 Qf5 18. Bh4 a6 19. Nd2 d5 20. Bd3 Qh5 21. Be7 Rfc8 22. Be2 Qf5 23. Qf3 Qe5 24. Bh4 Qd4+ 25. Bf2 Qxd2 26. Rad1 Qxb2 27. Qxd5 b6 28. Bc4 Rf8 29. Rb1 Qf6 30. Qe5 Qd8 31. Bg3 Re8 32. Qxe8+ Qxe8 33. Rxe8+ Rxe8 34. Rf1 Rf8 35. Bd6 Rc8 36. Rxf7 Kh8 37. Bxa6 Ra8 38. Bc4 h6 39. Be5 Rg8 40. Rb7 Kh7 41. Bxg8+ 1-0

[Event "Bad Zwesten op 16th"]
[Site "Bad Zwesten"]
[Date "2013.01.05"]
[Round "5"]
[White "Neve, Peter"]
[Black "Reichel, Guenther"]
[Result "1/2-1/2"]
[WhiteElo "1769"]
[BlackElo "1717"]
[PlyCount "68"]
[EventDate "2013.01.02"]
[EventType "swiss"]
[EventRounds "7"]
[EventCountry "GER"]
[SourceTitle "CBM 152 Extra"]
[Source "ChessBase"]
[SourceDate "2013.02.25"]
[SourceVersion "1"]
[SourceVersionDate "2013.02.25"]
[SourceQuality "1"]

1. e4 c5 2. c3 d6 3. d4 cxd4 4. cxd4 Nf6 5. Nc3 g6 6. h3 Bg7 7. Nf3 0-0 8. Be2 a6 9. 0-0 b5 10. a3 Bb7 11. Bd3 Nbd7 12. Be3 Rc8 13. Rc1 Nb6 14. b3 Nbd7 15. b4 Nb6 16. Nd2 Rc7 17. Na2 Rxc1 18. Qxc1 Qa8 19. f3 Rc8 20. Qb1 Na4 21. Rc1 Ne8 22. Nb3 Qb8 23. Kf2 Rc7 24. Ke2 Nb6 25. Na5 Ba8 26. Rc2 d5 27. Nc3 Nc4 28. Bxc4 dxc4 29. Bf4 e5 30. dxe5 Re7 31. Qc1 Bxe5 32. Bxe5 Qxe5 33. Kf2 Qd4+ 34. Kg3 Rd7 1/2-1/2

[Event "Rhein Main op-B 15th"]
[Site "Bad Homburg"]
[Date "2012.06.08"]
[Round "4"]
[White "Ranade, Kedar"]
[Black "Neve, Peter"]
[Result "1/2-1/2"]
[WhiteElo "1514"]
[BlackElo "1797"]
[PlyCount "187"]
[EventDate "2012.06.06"]
[EventType "swiss"]
[EventRounds "7"]
[EventCountry "GER"]
[SourceTitle "EXT 2013"]
[Source "ChessBase"]
[SourceDate "2012.11.22"]
[SourceVersion "1"]
[SourceVersionDate "2012.11.22"]
[SourceQuality "1"]

1. e4 d5 2. exd5 Qxd5 3. Nc3 Qd6 4. Nf3 Nf6 5. d4 Bf5 6. Bc4 c6 7. h3 h6 8. Be3 e6 9. Qd2 Nd5 10. Nxd5 exd5 11. Bb3 Nd7 12. Bf4 Qe6+ 13. Qe3 Qxe3+ 14. Bxe3 Bd6 15. c3 0-0 16. g4 Be4 17. Ke2 Rfe8 18. Rhe1 Re7 19. Nd2 Bh7 20. Nf1 Rae8 21. Kd2 Be4 22. Ng3 Bh7 23. Nh5 g6 24. Bf4 Rxe1 25. Rxe1 Rxe1 26. Kxe1 Bf8 27. Ng3 g5 28. Bc1 Nf6 29. f3 Bd6 30. Kf2 Bg6 31. Bd1 Nd7 32. Nf1 Nf8 33. Ng3 Ne6 34. Ne2 Kg7 35. Bd2 f6 36. Bb3 Bd3 37. Ke3 Bxe2 38. Kxe2 Bf4 39. Bxf4 Nxf4+ 40. Ke3 Nxh3 41. c4 Nf4 42. cxd5 cxd5 43. a3 Kf7 44. Ba2 Ke6 45. b4 Kd6 46. a4 b6 47. b5 h5 48. gxh5 Nxh5 49. Bb1 Ke6 50. Bc2 f5 51. Bd1 Nf4 52. Bb3 Kf6 53. Bc2 Ne6 54. Bb3 Nc7 55. Ba2 Ke6 56. Bb3 a6 57. bxa6 Nxa6 58. Bd1 Nb8 59. Bb3 Nc6 60. Bd1 Kd6 61. Bc2 Ne7 62. Bd3 Ke6 63. Bb5 Nc8 64. Bd3 Nd6 65. Bc2 Kd7 66. Bd1 Kc6 67. Bc2 Kb7 68. Bd3 Nc4+ 69. Ke2 f4 70. Bf5 Kc6 71. Bd3 b5 72. axb5+ Kxb5 73. Kd1 Kb4 74. Kc2 Ne3+ 75. Kd2 Kb3 76. Be2 Nf5 77. Kd3 Kb2 78. Bd1 Ne3 79. Ba4 Ka3 80. Bc6 Kb4 81. Bd7 Ka5 82. Bc6 Kb6 83. Bd7 Kc7 84. Ba4 Kd6 85. Bb5 Ke6 86. Ba4 Kf5 87. Bd7+ Kg6 88. Be8+ Kh6 89. Bd7 g4 90. fxg4 Kg5 91. Be6 Nxg4 92. Bxd5 Nf6 93. Bc6 Kf5 94. Ke2 1/2-1/2

[Event "Goch op 22nd"]
[Site "Goch"]
[Date "2011.10.01"]
[Round "4"]
[White "Neve, Peter"]
[Black "Kuhn, Andreas2"]
[Result "1/2-1/2"]
[WhiteElo "1797"]
[BlackElo "1956"]
[PlyCount "46"]
[EventDate "2011.09.29"]
[EventType "swiss"]
[EventRounds "7"]
[EventCountry "GER"]
[SourceTitle "EXT 2014"]
[Source "ChessBase"]
[SourceDate "2013.11.20"]
[SourceVersion "1"]
[SourceVersionDate "2013.11.20"]
[SourceQuality "1"]

1. e4 d6 2. d4 Nf6 3. Bd3 e5 4. c3 g6 5. Nf3 Nbd7 6. 0-0 Bg7 7. Nbd2 exd4 8. cxd4 0-0 9. Nb3 Re8 10. Re1 b6 11. Bg5 h6 12. Bd2 Bb7 13. Qc2 c5 14. d5 Ng4 15. Bc3 Nge5 16. Nxe5 Nxe5 17. Be2 Re7 18. Nd2 Qe8 19. f3 b5 20. f4 b4 21. Bxe5 dxe5 22. Qxc5 exf4 23. Bb5 Bd4+ 1/2-1/2

[Event "Rhein Main op 13th"]
[Site "Bad Homburg"]
[Date "2010.06.05"]
[Round "6"]
[White "Mager, Denis"]
[Black "Neve, Peter"]
[Result "0-1"]
[WhiteElo "1607"]
[BlackElo "1819"]
[PlyCount "92"]
[EventDate "2010.06.02"]
[EventType "swiss"]
[EventRounds "7"]
[EventCountry "GER"]
[SourceTitle "EXT 2011"]
[Source "ChessBase"]
[SourceDate "2010.11.26"]
[SourceVersion "1"]
[SourceVersionDate "2010.11.26"]
[SourceQuality "1"]

1. Nf3 Nf6 2. c4 b6 3. Nc3 Bb7 4. d4 d6 5. Qc2 Nbd7 6. e4 e5 7. d5 Be7 8. Be2 0-0 9. 0-0 h6 10. Be3 Ng4 11. Bd2 Bc8 12. Ne1 Ngf6 13. Nd3 Nh7 14. f4 exf4 15. Nxf4 Ne5 16. Nb5 f5 17. Nd4 fxe4 18. Nde6 Bxe6 19. Nxe6 Rxf1+ 20. Rxf1 Qd7 21. Qxe4 Bf6 22. b3 Nf8 23. Qf5 Re8 24. Bh5 Nf7 25. Bg4 Qe7 26. Kh1 Nxe6 27. Qxe6 Qxe6 28. Bxe6 Kf8 29. g4 Re7 30. Kg2 Nd8 31. Bxh6 Nxe6 32. dxe6 Kg8 33. Bf4 Rxe6 34. Rf2 Re4 35. Kf3 Re6 36. g5 Bd4 37. Rd2 Be5 38. Re2 Kf7 39. Re4 Bxf4 40. Rxf4+ Kg6 41. h4 Re1 42. Rd4 Kh5 43. Kg3 Re2 44. a4 Re3+ 45. Kf4 Rxb3 46. Kf5 Re3 0-1

[Event "Goch op 19th"]
[Site "Goch"]
[Date "2008.10.11"]
[Round "4"]
[White "Neve, Peter"]
[Black "Van der Valk, Niklas"]
[Result "0-1"]
[WhiteElo "1878"]
[BlackElo "2057"]
[PlyCount "50"]
[EventDate "2008.10.09"]
[EventType "swiss"]
[EventRounds "7"]
[EventCountry "GER"]
[SourceTitle "EXT 2011"]
[Source "ChessBase"]
[SourceDate "2010.11.26"]
[SourceVersion "1"]
[SourceVersionDate "2010.11.26"]
[SourceQuality "1"]

1. g4 d5 2. Bg2 e5 3. c3 c6 4. h3 Be6 5. Nf3 Bd6 6. d3 Nd7 7. Ng5 Qe7 8. Nxe6 Qxe6 9. Nd2 Ne7 10. Nf3 Nb6 11. Be3 0-0 12. Qb3 c5 13. a4 f6 14. a5 Nd7 15. c4 d4 16. Bd2 Rab8 17. Nh4 Kh8 18. Bxb7 a6 19. Bd5 Qxd5 20. cxd5 Rxb3 21. Nf5 Nxf5 22. gxf5 Rxb2 23. e4 Rc8 24. Bc1 Rb3 25. Ke2 c4 0-1

[Event "Goch op 19th"]
[Site "Goch"]
[Date "2008.10.10"]
[Round "3"]
[White "Rothkugel, Wolfgang"]
[Black "Neve, Peter"]
[Result "0-1"]
[WhiteElo "2045"]
[BlackElo "1878"]
[PlyCount "92"]
[EventDate "2008.10.09"]
[EventType "swiss"]
[EventRounds "7"]
[EventCountry "GER"]
[SourceTitle "EXT 2011"]
[Source "ChessBase"]
[SourceDate "2010.11.26"]
[SourceVersion "1"]
[SourceVersionDate "2010.11.26"]
[SourceQuality "1"]

1. d4 Nf6 2. Nf3 d5 3. c4 Bf5 4. Nc3 e6 5. Bg5 c6 6. e3 Be7 7. Bd3 Bxd3 8. Qxd3 Nbd7 9. cxd5 cxd5 10. 0-0 0-0 11. Rac1 Rc8 12. h3 a6 13. Rfd1 b5 14. a3 Nb6 15. Ne5 Nc4 16. Nxc4 Rxc4 17. b3 Rc8 18. Nb1 Qd7 19. f3 Rxc1 20. Rxc1 Rc8 21. e4 Rxc1+ 22. Bxc1 Qc6 23. Qc3 Qxc3 24. Nxc3 b4 25. axb4 Bxb4 26. Na2 Ba5 27. e5 Nd7 28. Be3 Nb8 29. Kf2 Nc6 30. Ke2 Kf8 31. Kd3 Nb4+ 32. Nxb4 Bxb4 33. Bd2 Be7 34. Ba5 Ke8 35. Kc3 Kd7 36. Bb4 Bh4 37. Bf8 Be1+ 38. Kd3 g6 39. b4 Kc6 40. Ke2 Bg3 41. Kd3 Kb5 42. Kc3 Ka4 43. Kd2 Kb3 44. Ke2 Kc2 45. Bc5 Bf4 46. g4 Bc1 0-1

[Event "Rhein Main op 11th"]
[Site "Bad Homburg"]
[Date "2008.05.23"]
[Round "4"]
[White "Reimer, Otto"]
[Black "Neve, Peter"]
[Result "0-1"]
[WhiteElo "2010"]
[BlackElo "1636"]
[PlyCount "116"]
[EventDate "2008.05.21"]
[EventType "swiss"]
[EventRounds "7"]
[EventCountry "GER"]
[SourceTitle "CBM 124 Extra"]
[Source "ChessBase"]
[SourceDate "2008.07.03"]
[SourceVersion "1"]
[SourceVersionDate "2008.07.03"]
[SourceQuality "1"]

1. e4 d5 2. exd5 Qxd5 3. Nf3 Nf6 4. d4 Bf5 5. c4 Qd8 6. Nc3 e6 7. Be2 c6 8. Bg5 Be7 9. Nh4 Bg6 10. 0-0 Nbd7 11. f4 Ne4 12. Bxe7 Nxc3 13. Nxg6 hxg6 14. Bxd8 Nxd1 15. Ba5 Ne3 16. Rf2 b6 17. Bc3 Nf5 18. Bf3 Rc8 19. d5 cxd5 20. cxd5 exd5 21. Re1+ Kf8 22. Bxd5 Nc5 23. Rfe2 Nd6 24. Be5 Ne8 25. Bc4 f6 26. Bc3 Nd6 27. Bd5 Rh5 28. Bf3 Rh6 29. Rd1 Nb5 30. Bb4 g5 31. Bb7 Rb8 32. Bc6 a5 33. Bxc5+ bxc5 34. Bxb5 Rxb5 35. fxg5 fxg5 36. Rd5 Rhb6 37. Rf5+ Kg8 38. b3 c4 39. Rxb5 Rxb5 40. bxc4 Rb1+ 41. Kf2 Rc1 42. Ke3 Rxc4 43. Kd3 Ra4 44. g3 Kf7 45. Kc3 Kg6 46. h3 Ra3+ 47. Kc4 Rxg3 48. a4 Rxh3 49. Kb5 g4 50. Kxa5 Rb3 51. Ka6 g3 52. a5 Kg5 53. Ka7 Kg4 54. a6 Kf3 55. Re6 g5 56. Ka8 g2 57. Re1 Kf2 58. a7 Ra3 0-1

[Event "Rhein Main op 11th"]
[Site "Bad Homburg"]
[Date "2008.05.22"]
[Round "2"]
[White "Kulenovic, Adnan"]
[Black "Neve, Peter"]
[Result "1-0"]
[WhiteElo "1914"]
[BlackElo "1636"]
[PlyCount "101"]
[EventDate "2008.05.21"]
[EventType "swiss"]
[EventRounds "7"]
[EventCountry "GER"]
[SourceTitle "CBM 124 Extra"]
[Source "ChessBase"]
[SourceDate "2008.07.03"]
[SourceVersion "1"]
[SourceVersionDate "2008.07.03"]
[SourceQuality "1"]

1. e4 d5 2. d4 dxe4 3. Nc3 Bf5 4. f3 exf3 5. Qxf3 Bc8 6. Bf4 c6 7. 0-0-0 e6 8. Qg3 Nd7 9. Ne4 Ngf6 10. Nd6+ Bxd6 11. Bxd6 g6 12. Bd3 Qa5 13. Kb1 Nh5 14. Qf2 Qd5 15. Ba3 Nb6 16. Nf3 f6 17. Qh4 Qd8 18. g4 Nf4 19. Qh6 Qc7 20. Nh4 Qf7 21. Qxf4 g5 22. Qf2 gxh4 23. Rhf1 Bd7 24. Qxh4 0-0-0 25. Qxf6 Qxf6 26. Rxf6 Rde8 27. Bd6 e5 28. dxe5 Bxg4 29. Re1 Be6 30. Rh6 Nc4 31. Bxc4 Bxc4 32. e6 Rhg8 33. b3 Bd5 34. c4 Bf3 35. Rxh7 Bg4 36. Rc7+ Kb8 37. Re7+ Kc8 38. Rxe8+ Rxe8 39. e7 Kd7 40. c5 b6 41. b4 bxc5 42. bxc5 Bf5+ 43. Kb2 Rg8 44. Re2 Bg6 45. Rf2 Be8 46. Kc3 Rg4 47. Rb2 Ra4 48. Rb8 Rxa2 49. Rd8+ Ke6 50. Rxe8 Rxh2 51. Bxh2 1-0

[Event "Goch op 18th"]
[Site "Goch"]
[Date "2007.10.06"]
[Round "5"]
[White "Kraft, Natascha"]
[Black "Neve, Peter"]
[Result "0-1"]
[WhiteElo "969"]
[BlackElo "1685"]
[PlyCount "78"]
[EventDate "2007.10.04"]
[EventType "swiss"]
[EventRounds "7"]
[EventCountry "GER"]
[SourceTitle "EXT 2011"]
[Source "ChessBase"]
[SourceDate "2010.11.26"]
[SourceVersion "1"]
[SourceVersionDate "2010.11.26"]
[SourceQuality "1"]

1. d4 Nf6 2. Nc3 d5 3. Bf4 c6 4. e3 Bf5 5. Be2 Nbd7 6. Nf3 Ne4 7. 0-0 e6 8. a3 Be7 9. Bd3 Nxc3 10. bxc3 Bxd3 11. Qxd3 0-0 12. Rfe1 Nf6 13. Bg5 Ne4 14. Bxe7 Qxe7 15. c4 Rac8 16. Nd2 Nxd2 17. Qxd2 dxc4 18. c3 Rfd8 19. Qe2 b5 20. a4 a6 21. axb5 axb5 22. Ra6 e5 23. Ra2 exd4 24. cxd4 Ra8 25. Rea1 Qb7 26. Qd2 Rxa2 27. Qxa2 g6 28. h3 c3 29. Rb1 b4 30. Qb3 Rb8 31. Kf1 Qb5+ 32. Ke1 Qd5 33. Qxd5 cxd5 34. Kd1 b3 35. Kc1 Kg7 36. g4 Kf6 37. f3 Kg5 38. f4+ Kh4 39. f5 Kxh3 0-1

[Event "Leuven op 18th"]
[Site "Leuven"]
[Date "2006.11.09"]
[Round "?"]
[White "Driessen, Wim"]
[Black "Neve, Peter"]
[Result "1-0"]
[WhiteElo "1974"]
[BlackElo "1599"]
[PlyCount "31"]
[EventDate "2006.11.09"]
[EventType "swiss"]
[EventRounds "7"]
[EventCountry "BEL"]
[SourceTitle "CBM 115 Extra"]
[Source "ChessBase"]
[SourceDate "2007.01.10"]
[SourceVersion "1"]
[SourceVersionDate "2007.01.10"]
[SourceQuality "1"]

1. d4 Nf6 2. Bg5 Ne4 3. Bh4 g5 4. f3 gxh4 5. fxe4 e6 6. e3 Qg5 7. Qf3 Bh6 8. Kf2 Ke7 9. e5 f5 10. exf6+ Qxf6 11. Qxf6+ Kxf6 12. Nf3 Bg5 13. Nc3 h6 14. Ne4+ Kg6 15. Bd3 Kh5 16. Ng3+ 1-0

[Event "Goch op 17th"]
[Site "Goch"]
[Date "2006.10.15"]
[Round "6"]
[White "Neve, Peter"]
[Black "Schroeder, Ulrich"]
[Result "0-1"]
[WhiteElo "1598"]
[BlackElo "1776"]
[PlyCount "106"]
[EventDate "2006.10.12"]
[EventType "swiss"]
[EventRounds "7"]
[EventCountry "GER"]
[SourceTitle "EXT 2008"]
[Source "ChessBase"]
[SourceDate "2007.11.25"]
[SourceVersion "1"]
[SourceVersionDate "2007.11.25"]
[SourceQuality "1"]

1. e4 d5 2. exd5 Qxd5 3. Qf3 Qa5 4. Qc3 Qxc3 5. Nxc3 c6 6. Nf3 Bg4 7. Ne5 Bf5 8. Bd3 g6 9. Bxf5 gxf5 10. d4 Nf6 11. Be3 Rg8 12. g3 e6 13. 0-0-0 Nbd7 14. Nxd7 Nxd7 15. Ne2 Nb6 16. b3 Ba3+ 17. Kb1 0-0-0 18. c4 Rd7 19. Kc2 Be7 20. Rd3 Na8 21. Rhd1 Rgd8 22. Bc1 Nc7 23. a3 b6 24. Nc3 Bf6 25. Be3 Kb7 26. Ne2 a5 27. Nc3 b5 28. a4 b4 29. Ne2 Ne8 30. f3 Bh8 31. Bf4 f6 32. Be3 Nc7 33. f4 h5 34. Ng1 Ne8 35. Nf3 Nd6 36. d5 cxd5 37. cxd5 e5 38. fxe5 fxe5 39. Nh4 Rc8+ 40. Kb1 Bf6 41. Ng2 Ne4 42. Rf1 Nc3+ 43. Rxc3 bxc3 44. Rxf5 c2+ 45. Kc1 Be7 46. Kb2 Rdc7 47. Bc1 Bc5 48. Ka2 Bd4 49. Ne1 Bc3 50. Nd3 e4 51. d6 exd3 52. dxc7 Rxc7 53. Rd5 d2 0-1

[Event "Goch op 17th"]
[Site "Goch"]
[Date "2006.10.12"]
[Round "1"]
[White "Keller, Karsten"]
[Black "Neve, Peter"]
[Result "1/2-1/2"]
[WhiteElo "2092"]
[BlackElo "1598"]
[PlyCount "53"]
[EventDate "2006.10.12"]
[EventType "swiss"]
[EventRounds "7"]
[EventCountry "GER"]
[SourceTitle "EXT 2008"]
[Source "ChessBase"]
[SourceDate "2007.11.25"]
[SourceVersion "1"]
[SourceVersionDate "2007.11.25"]
[SourceQuality "1"]

1. Nf3 d5 2. d4 Nf6 3. c4 c6 4. e3 Bf5 5. Nc3 h6 6. cxd5 cxd5 7. Qb3 b6 8. Bb5+ Bd7 9. Nxd5 e6 10. Nxf6+ Qxf6 11. Ne5 Bd6 12. Nxd7 Nxd7 13. Bd2 Qe7 14. 0-0 0-0 15. e4 a6 16. e5 Bxe5 17. dxe5 axb5 18. Qxb5 Qc5 19. Qxc5 Nxc5 20. Be3 Rfd8 21. a4 Nxa4 22. b3 Nc5 23. b4 Rxa1 24. Rxa1 Nd3 25. Rd1 Rd5 26. Bxb6 Nxb4 27. Rxd5 1/2-1/2